000 01097nmm a2200313 a 4500
001 ocm0001132631
003 TR-IsHL
005 20201028152321.0
008 150709s2013 tu tur
007 cr cn
035 _a1132631
_b(N$T)
050 0 4 _aDR401
_b.D64 2013
090 0 4 _aDR401
_b.D64 2013
245 1 0 _aDoğu Batı düşünce dergisi, sayı 66: marjinal sohbetler II, "entelektüeller ve aykırılıkları"
_h[electronic resource] /
_ceditör Cansu Özge Özmen
260 _aİstanbul :
_bDoğu Batı Yayınları,
_c2013
300 _a217 p.
500 _aAğustos, Eylül, Ekim 2013, Yıl; 16, Sayı; 66.
_x
650 4 _aTarih
650 4 _aHistory
650 0 _aCulture
_xPeriodicals
650 0 _aPhilosophy
_xPeriodicals
650 0 _aEthics
650 0 _aKültür
_xSüreli Yayınlar
650 0 _aFelsefe
_xSüreli Yayınlar
650 0 _aEtik
650 7 _aHISTORY / Middle East / Turkey & Ottoman Empire
_2bisacsh
700 1 _aÖzmen, Cansu Özge
856 4 0 _uhttp://search.ebscohost.com/login.aspx?direct=true&scope=site&db=e011xww&AN=1132631
999 _c11465
_d11465